| 000 | 00465nam a22001817a 4500 | ||
|---|---|---|---|
| 003 | NUST - PNEC | ||
| 005 | 20170116180819.0 | ||
| 008 | 150615b xxu||||| |||| 00| 0 eng d | ||
| 020 | _a0592000818 | ||
| 040 | _cLIBRARY | ||
| 082 | _a384.5453 ILI | ||
| 100 |
_93970 _aILIFFE |
||
| 245 |
_aThe Guide to broadcasting stations _cIliffee |
||
| 260 |
_aLondon: _bIliffe Books |
||
| 300 | _a200 p. : | ||
| 648 |
_93971 _aBroadcasting guide _xEL, EE |
||
| 942 |
_2ddc _cBK |
||
| 999 |
_c63662 _d63662 |
||